Fisiología humana : un enfoque integrado /

Guardado en:
Autor Principal: Silverthorn, Dee Unglaub
Formato: Libro
Publicado: Buenos Aires : Médica Panamericana, 2010
Edición:4a. ed.
Materias:
Etiquetas: Agregar Etiqueta
Sin Etiquetas, Sea el primero en etiquetar este registro!
LEADER 00951nam a22002415a 4500
001 CEM.cems017475
005 20110503133554.0
008 130507s2010##################000#0#####d
003 CEMS
020 |a 9789500619820 
082 0 4 |a 612 
100 1 |a Silverthorn, Dee Unglaub 
245 1 0 |a Fisiología humana :  |b un enfoque integrado /  |c Dee Unglaub Silverthorn 
250 |a 4a. ed. 
260 |a Buenos Aires :  |b Médica Panamericana,  |c 2010 
300 |a 980 p. 
500 |a Incluye sitio web complementario 
505 0 |a Procesos celulares básicos: integración y coordinación -- Homeostasis y control -- Integración de la función -- Metabolismo, crecimiento y envejecimiento 
653 |a Fisiología 
653 |a Fisiología humana 
859 |a CEMS  |b BIB. CEMS - Agricultura  |h 612  |i Si398a4  |p A1256.11  |t Ej.1 
859 |a CEMS  |b BIB. CEMS - Agricultura  |h 612  |i Si398a4  |p A1257.11  |t Ej.2 
859 |a CEMS  |b BIB. CEMS - Agricultura  |h 612  |i Si398a4  |p A1918.13  |t Ej.3